Normal view
MARC view
- Dr. Mohsin Islam Tiwana
Entry Personal Name
001 - CONTROL NUMBER
- control field: 17344
003 - CONTROL NUMBER IDENTIFIER
- control field: NUST
005 - DATE AND TIME OF LATEST TRANSACTION
- control field: 20190710114114.0
008 - FIXED-LENGTH DATA ELEMENTS
- fixed length control field: 190710|| aca||aabn | a|a d
040 ## - CATALOGING SOURCE
- Original cataloging agency: NUST
- Transcribing agency: NUST
100 ## - HEADING--PERSONAL NAME
- Personal name: Dr. Mohsin Islam Tiwana
670 ## - SOURCE DATA FOUND
- Source citation: Work cat.: (NUST): Fatima, Urooj 17343, Design of a Vacuum Pump for Vacuum Assisted Lower Limb Socket /, 2017.
